| 000 | 00840nam a2200241 a 4500 | ||
|---|---|---|---|
| 001 | BRL_1435 | ||
| 005 | 20190320211214.0 | ||
| 008 | 101116s1993----mx-a######---#000-0#----# | ||
| 020 | _a9686492828 | ||
| 044 | _amx | ||
| 050 | 4 |
_aF1221.T9 _b.P67 1993 |
|
| 100 | 1 |
_aPosas, Likarto _926899 |
|
| 245 | 1 | 0 |
_aJvan Peres Jolote _bXch´iel sk´opojel jun batz´i vinik _cLikarto Posas ; basujesbil ta batz´i k´op yu´un Enrike Peres Lopes. |
| 260 |
_aTuxtla, Chiapas, México _bGobierno del Estado de Chiapas _c1993 |
||
| 300 |
_a104 p. _bil. _c22 cm. |
||
| 440 | 0 |
_aSerie nuestros pueblos, Chiapas _926900 |
|
| 546 | _aTexto en : tzotzil | ||
| 600 | 1 | 4 |
_aPérez Jolote, Juan _910530 |
| 650 | 1 | 4 |
_aIndígenas Tzotzil _vBiografía _926901 |
| 650 | 1 | 4 |
_aTzotzil _vtextos _926902 |
| 700 | 1 |
_aPérez López, Enrique _eprol. _926903 |
|
| 942 |
_2lcc _cB |
||
| 999 |
_c10245 _d10245 |
||